| 000 | 01853cam a22003614a 4500 | ||
|---|---|---|---|
| 001 | 12900462 | ||
| 005 | 20100611102338.0 | ||
| 008 | 020820s2003 caua 001 0 eng | ||
| 010 | _a 2002111958 | ||
| 020 | _a0782141765 | ||
| 020 | _a9780782141764 | ||
| 040 |
_aDLC _cDLC _dDLC |
||
| 042 | _apcc | ||
| 050 | 0 | 0 |
_aQA76.73.C154 _bB58 2003 |
| 082 |
_222 _a005.133 _bBLU |
||
| 100 | 1 |
_aBlum, Richard, _d1962- _927415 |
|
| 245 | 1 | 0 |
_aC# Network Programming / _cRichard Blum. |
| 260 |
_aSan Francisco : _bSybex, 2003 _cc2003. |
||
| 300 |
_axxii, 647 p. : _bill. ; _c23 cm. |
||
| 500 | _aIncludes index. | ||
| 650 | 0 |
_aC# (Computer program language) _927416 |
|
| 650 | 0 |
_aInternet programming. _927417 |
|
| 653 |
_bCS _cOctober2011 |
||
| 856 | 4 | 2 |
_3Contributor biographical information _uhttp://www.loc.gov/catdir/enhancements/fy0613/2002111958-b.html |
| 856 | 4 | 2 |
_3Publisher description _uhttp://www.loc.gov/catdir/enhancements/fy0613/2002111958-d.html |
| 856 | 4 | 1 |
_3Table of contents only _uhttp://www.loc.gov/catdir/enhancements/fy0613/2002111958-t.html |
| 942 |
_2ddc _cBB |
||
| 999 |
_c16107 _d16107 |
||